000
00300 a2200133 4500
001
157659
040
_c
Escola São Tomás de Aquino
100
_a
Mijares, Augusto
240
1
0
_a
Simón Bolivar
_l
por
245
1
0
_a
Simón Bolivar
362
0
_a
2007
697
_a
BIOGRAFIA E GENEALOGIA
942
_c
BK
999
_c
157659
_d
157659